|
|
|
|
| LEADER |
02441nem a2200589 i 4500 |
| 001 |
001903472 |
| 003 |
CZ BrMZK |
| 005 |
20240801103142.0 |
| 007 |
aj|canzn |
| 008 |
240801s1974 xo a 0| slo d |
| 034 |
1 |
|
|a a
|b 50000
|d E0180002
|e E0182005
|f N0491148
|g N0490130
|
| 040 |
|
|
|a BOA001
|b cze
|e rda
|
| 041 |
0 |
|
|a slo
|a cze
|
| 043 |
|
|
|a e-xo---
|b e-xr-zl
|a e-xr---
|
| 072 |
|
7 |
|a 528
|x Geodezie. Kartografie
|2 Konspekt
|9 7
|
| 072 |
|
7 |
|a 912
|x Mapy. Atlasy. Glóby
|2 Konspekt
|9 7
|
| 080 |
|
|
|a 911.2:528.42
|2 MRF
|
| 080 |
|
|
|a 913(437.6)
|2 MRF
|
| 080 |
|
|
|a 913(437.323)
|2 MRF
|
| 080 |
|
|
|a (437.6)
|2 MRF
|
| 080 |
|
|
|a (437.323)
|2 MRF
|
| 080 |
|
|
|a (084.3)528.42
|2 MRF
|
| 110 |
2 |
|
|a Slovenská správa geodézie a kartografie
|7 olak2006333031
|4 ctg
|4 aut
|
| 245 |
1 |
0 |
|a Púchov.
|p 25-43 /
|c Slovenská správa geodézie a kartografie ; spracovala Slovenská kartografia, n.p., Bratislava
|
| 246 |
3 |
0 |
|a 25-43
|
| 250 |
|
|
|a 2. nezměněné vydání
|
| 255 |
|
|
|a Měřítko 1:50 000
|c (E 18°00'02"--E 18°20'05"/N 49°11'48"--N 49°01'30")
|
| 264 |
|
1 |
|a Bratislava :
|b Slovenská správa geodézie a kartografie,
|c 1974
|
| 300 |
|
|
|a 1 mapa :
|b barevná ;
|c 38 x 49 cm, na listu 50 x 58 cm
|
| 336 |
|
|
|a kartografický obraz
|b cri
|2 rdacontent
|
| 337 |
|
|
|a bez média
|b n
|2 rdamedia
|
| 338 |
|
|
|a list
|b nb
|2 rdacarrier
|
| 490 |
1 |
|
|a Základná mapa ČSSR 1:50 000 ;
|v 25-43, 1974
|
| 500 |
|
|
|a Pětibarevný otisk
|
| 500 |
|
|
|a Další údaje o vydání: stav ke dni 31. 12. 1969, tisk v červnu 1974
|
| 521 |
8 |
|
|a Pre vnútornú potrebu štátnych orgánov a socialistických organizácií
|
| 546 |
|
|
|a Částečně český text
|
| 500 |
|
|
|a Dostupné též v digitální podobě v aplikaci Kramerius
|
| 650 |
0 |
7 |
|a topografie
|z Slovensko
|7 ph126691
|2 czenas
|
| 650 |
0 |
7 |
|a topografie
|z Česko
|7 ph126691
|2 czenas
|
| 650 |
0 |
9 |
|a topography
|z Slovakia
|2 eczenas
|
| 650 |
0 |
9 |
|a topography
|z Czechia
|2 eczenas
|
| 651 |
|
7 |
|a Púchov (Slovensko : oblast)
|7 xx0147024
|2 czenas
|
| 651 |
|
9 |
|a Púchov Region (Slovakia)
|2 eczenas
|
| 655 |
|
7 |
|a topografické mapy
|7 fd809173
|2 czenas
|
| 655 |
|
9 |
|a topographic maps
|2 eczenas
|
| 710 |
2 |
|
|a Slovenská kartografia
|7 ko2003206561
|4 ctg
|
| 830 |
|
0 |
|a Základná mapa ČSSR 1:50 000 ;
|v 25-43, 1974
|
| 856 |
4 |
1 |
|u http://www.digitalniknihovna.cz/mzk/uuid/uuid:d849d2b0-a578-11ef-a1c1-005056827e52
|y Digitalizovaný dokument
|x NDK
|
| 910 |
|
|
|a BOA001
|b Mpa-1471.340,25-43-74
|
| 990 |
|
|
|a MP
|
| 991 |
|
|
|b 202408
|